| 000 | 00870nam0a22002651 4500 | ||
|---|---|---|---|
| 001 | rc\1062160 | ||
| 005 | 20250622095057.0 | ||
| 035 | _a(NLR Aleph) 006222776 | ||
| 090 |
_a6487975 _c6487975 |
||
| 100 | _a20041129d1980 |||y0rusy50 ca | ||
| 101 | 0 | _arus | |
| 102 | _aRU | ||
| 105 | _ay ||||||||| | ||
| 200 | 1 | _aРевизия и контроль в лесном хозяйстве | |
| 205 | _a2-е изд., перераб. | ||
| 210 |
_aМ. _cЛесн. пром-сть _d1980 |
||
| 215 |
_a127 с. _d20 |
||
| 300 | _aЗагл. 1-го изд.: Ревизия и контроль в лесхозах и леспромхозах | ||
| 320 | _aБиблиогр.: с. 122-125 | ||
| 700 | 1 |
_aЕдошин _bА.Н. _gАнатолий Николаевич |
|
| 801 | 0 |
_aRU _bNLR _gpsbo |
|
| 801 | 1 |
_aRU _bELAR _2rusmarc |
|
| 852 |
_aNLR _j81-3/1236 |
||
| 942 | _cBOOK | ||
| 980 | _aNB | ||